01548cam a22002891 450000100060000000300080000600500170001400800390003103500190007004000230008904100080011208200220012010000300014224500550017226000870022730000210031449000240033550400280035950504400038765000490082765000350087665000330091194200120094499900170095695201390097395201460111217726BD-RjUL20211209000201.0140217s1966 ilu b 000 0 eng a(BD-RjUL)17784 aDLCcDLCdDLCbeng aeng00a822.208bTHT 19661 aThomas, R. George,95463010aTen miracle plays /c[edited by] R. George Thomas. aEvanston, Ill. ;aLondon :bNorthwestern University Press;bArnold,cc1966. [1969] a166 p. ;c21 cm.0 aYork medieval texts aBibliography: p. 15-16.0 aThe proclamation (Ludus Coventriae)--The murder of Abel (Towneley play II)--Noah (Ludus Coventriae IV)--Balaam and Balak (Chester plays V)--The annunciation (York plays XII)--Herod and the slaying of the innocents (Coventry pageants)--The woman taken in adultery (Ludus Coventriae XXIV)--The conspiracy (Towneley play XX)--Christ's passion (Chester plays XVI)--The harrowing of hell (York plays XXVII)--Doomsday (Ludus Coventriae XLII) 0aMysteries and miracle plays, English.954631 0aEnglish dramayTo 1500.95463200aBible plays, English.954633 2ddccBK c17726d17726 00102ddc40718FICaRUCLbRUCLcReadingd1969-11-26eZeitlingerg0.13l0o822.208 THT 1966r2014-02-17 00:00:00tC-1w2014-02-17yBK 00102ddc40708FICaRUCLbRUCLcStackd1975-11-28eGohatha wren and cog1.75l0o822.208 THT 1966r2020-11-22 00:00:00tC-2w2021-12-09yBK